LEADER 01189nam a2200277 u 4500 001 000000081342 003 CaOOAMICUS 005 20070226123738.0 008 050321s2004 it a u000 u ita u 020 $a8871051696 035 $a11035398 040 $aPUL$bita 041 0 $aita$ager$aspa 110 2 $aFacoltà teologica dell'Italia settentrionale.$0(OLS)http://pul/name/10074 245 12$aL'intelletto cristiano :$bstudi in onore di mons. Giuseppe Colombo per l'lxxx compleanno /$cFacoltà Teologica Italia Settentrionale. 260 $aMilano :$bGlossa,$cc2004. 300 $al, 544 p. :$bfotogr. ;$c25 cm 504 $aBibliografia p xix-xliv. 600 14$aColombo, Giuseppe,$d1923-$0(OLS)http://pul/subject/28112 850 $aPUL 852 $aPUL$W1$xSL Religione 3$y85$m230 F.T.I.S. 1$j120836$nBK-PRI$qDDC 21$B103781$CPULBib$Z2$F103781 $H97336 $82 941 1 $a9 941 1 $a8 996 $6020$a8871051696$9(OLS)http://pul/number/107757 996 $6245$aL'intelletto cristiano :$bstudi in onore di mons. Giuseppe Colombo per l'lxxx compleanno$9(OLS)http://pul/title/106404 996 $6260$aMilano :$bGlossa$9(OLS)http://pul/publisher/53656 LEADER 01074nam a2200277 a 4500 001 000000166966 003 CaOOAMICUS 005 20180411092005.0 008 180411s1968 it u000 u ita r 032 $aLibriCat 040 $aPUL$bita 041 1 $aita$hfre 100 1 $aGreimas, Algirdas Julien,$d1917-$0(OLS)http://pul/name/54576 240 10$aSemantique structurale.$lItaliano.$0(OLS)http://pul/title/206763 245 13$aLa semantica strutturale :$bricerca di metodo /$cAlgirdas Julien Greimas. 260 $aMilano :$bRizzoli,$c©1968. 300 $a319 p. ;$c21 cm. 490 1 $aSaggi 650 4$aSemantica.$0(OLS)http://pul/subject/9132 830 0$aSaggi Rizzoli.$0(OLS)http://pul/title/73353 850 $aPUL 852 $aPUL$W1$xDP1 Fondo Dalla Palma$y117$m1 D 15$j23485$qFondi$B194495$CPULBib$Z2$F194495 $HDal2741 $81 941 1 $a1 996 $6245$aLa semantica strutturale :$bricerca di metodo$9(OLS)http://pul/title/206764 996 $6260$aMilano :$bRizzoli$9(OLS)http://pul/publisher/48712